书目信息 |
| 题名: |
人的亲证
|
|
| 作者: | 泰戈尔 著 ;宫静 译 | |
| 分册: | ||
| 出版信息: | 北京 商务印书馆 1996 |
|
| 页数: | 127页 | |
| 开本: | 19cm | |
| 丛书名: | 汉译世界学术名著丛书 | |
| 单 册: | ||
| 中图分类: | B351.4 | |
| 科图分类: | ||
| 主题词: | 哲学--亚洲 | |
| 电子资源: | ||
| ISBN: | 7-100-02175-8 | |
| 000 | 00684nam0 2200229 45 | |
| 001 | 0404261513 | |
| 005 | 20050321151954.9 | |
| 010 | @a7-100-02175-8@dCNY6.30 | |
| 100 | @a20040426d1996 km y0chiy0120 ea | |
| 101 | 0 | @achi |
| 105 | @a z 000yy | |
| 200 | 1 | @a人的亲证@ARen De Qin Zheng@f(印度)罗宾德拉纳特·泰戈尔著@F(Yin Du)Luo Bin De La Na Te·Tai Ge Er Zhu@g宫静译 |
| 210 | @a北京@c商务印书馆@d1996 | |
| 215 | @a127页@d19cm | |
| 225 | @a汉译世界学术名著丛书 | |
| 410 | @12001 @a汉译世界学术名著丛书 | |
| 606 | 0 | @a哲学@x亚洲 |
| 690 | @aB351.4@v3 | |
| 701 | 0 | @a泰戈尔@4著 |
| 702 | 0 | @a宫静@AGong Jing@4译 |
| 801 | @aCN@bPftUser@c20040426 | |
| 905 | @dB351.4@e6@f1@b274204 | |
| 人的亲证/(印度)罗宾德拉纳特·泰戈尔著/宫静译.-北京:商务印书馆,1996 |
| 127页;19cm.-(汉译世界学术名著丛书) |
| ISBN 7-100-02175-8:CNY6.30 |
| ● |
| 相关链接 |
|
|
|
|
正题名:人的亲证
索取号:B351.4/6
 
预约/预借
| 序号 | 登录号 | 条形码 | 馆藏地/架位号 | 状态 | 备注 |
| 1 | 0274202 | 000516962 | 第一样本阅览室/ [索取号:B351.4/6] | 在馆 | |
| 2 | 0274203 | 000516953 | 第一借阅区/ [索取号:B351.4/6] | 在馆 | |
| 3 | 0274204 | 001995023 | 第一借阅区/ [索取号:B351.4/6] | 在馆 |